Flowers for the girl friend

Kaydedildi:
Detaylı Bibliyografya
Yazar: Turvey, Celia (Yazar)
Materyal Türü: Kitap
Dil:İngilizce
Baskı/Yayın Bilgisi: Londres Longman 1967
Seri Bilgileri:Pleasant Books in Easy English, Stage 3
Konular:
Etiketler: Etiketle
Etiket eklenmemiş, İlk siz ekleyin!

MARC

LEADER 00000nam a2200000 a 4500
001 UCQ3304
003 CL-VaPUC
008 980817e19670000UK |||||||||||||||||eng|d
082 0 4 |a 807  |b TUR  |2 21 
100 0 |a Turvey, Celia  |e author  |9 417362 
245 1 0 |a Flowers for the girl friend 
300 |a 74 p 
942 |c BK 
945 |d 19980817 00:00:00  |a crobeson 
260 |a Londres  |b Longman  |c 1967 
650 0 |a Literatura  |9 259151 
650 0 |a Dramas  |9 348974 
650 0 |a Cuentos  |9 308079 
650 0 |a Inglés  |9 260023 
650 0 |a Enseñanza de idiomas  |9 339820 
650 0 |a Educación lingüística  |9 306506 
583 |a last modification  |c 19980817 00:00:00  |k Rodrigo Vera 
490 0 |a Pleasant Books in Easy English, Stage 3 
999 |c 273897  |d 273895 
952 |0 0  |1 0  |4 0  |6 807_000000000000000_TUR_1967  |7 0  |8 A  |9 309853  |a BIBEDU  |b BIBEDU  |d 2019-11-20  |i 1455281  |o 807 TUR 1967  |p 1455281  |r 2019-11-20  |w 2019-11-20  |y BK  |k LIT